000 00408pam a2200157 a 4500
020 _a0697223663 (acidfree paper)
040 _cDLC
082 0 0 _a570 WCB 1999 A061 Or.
100 1 _aGuttman, Burton S.
245 1 0 _aBiology /
260 _aBoston :
_bWCB/McGraw-Hill,
_cc1999.
300 _axxxii, 1177 p. :
_bill. (some col.) ;
_c29 cm.
650 0 _aBiology.
700 1 _aHopkins, Johns W.
942 _cEK
999 _c14772
_d14772